000 00746nam a2200253 a 4500
001 BRCA_4792
005 20190320204816.0
008 840303s1949----sp-a######---#000-0#spa-#
041 _aspa
044 _amx
050 4 _aNK2599
_b.F43 1949
100 1 _aFeduchi, Luis M.
_911958
245 1 0 _aEl Palacio Nacional
_cintroducción y notas de Luis M. Feduchi.
260 _aMadrid
_bAfrodisio Aguado
_c1949
300 _a2 v.
_bil., 61 láminas.
_c19 cm.
440 0 _aEl mueble en España
_v1
_912133
500 _aEstado físico: Sobrecubierta deteriorada
500 _aCFG63
546 _aTéxto en inglés y francés
650 1 4 _aArte decorativo
_zEspaña
_911945
650 1 4 _aMuebles
_zEspaña
_93568
902 _aGFM
942 _2lcc
_cB
999 _c4489
_d4489